000 nam a22 a 4500
999 _c4345
_d4345
003 AKMAL
005 20170529094254.0
008 170529s1986 xxu 00 eng d
020 _a0395393582
040 _aAKMAL
082 0 4 _a425 STA
090 2 0 _a425
_bSTA
100 1 _aStanchfield, Jo M.
_94774
245 1 _aWINGS FORTUNE TEXAS
_cJo M. Stanchfield, Thomas G. Gunning
260 _aBoston :
_bHoughton Mifflin,
_c1986
300 _a264p. :
_bcol.ill. ;
_c24cm
599 _aDALAM PROSES
650 _aEnglish language
_vReaders
_94775
700 1 _aGunning, Thomas G.
_94776
942 _2ddc
_cBOOK